000 00662nam a2200241Ia 4500
005 20250425162740.0
008 250425s9999 xx 000 0 und d
020 _a0875847463
041 _aeng
082 _a658.403
100 _aHOPE, TONY
245 0 _aTRANSFORMING THE BOTTOM LINE: MANAGING PERFORMANCE WITH THE REAL NUMBERS
250 _aS.E.
260 _aBOSTON
260 _aEstados Unidos
_bHARVARD BUSINESS SCHOOLL PRESS
_c1995
300 _a232
500 _aDONADO POR GUILLERMO AROSEMENA
650 _aEMPLEADOS
650 _aSISTEMA DE ADMINISTRACION
710 _aHARVARD BUSINESS SCHOOL PRESS
942 _c01
010 _a104718
999 _c235661
_d235661